Analysis and design of stream ciphers /

Enregistré dans:
Détails bibliographiques
Auteur principal: Rueppel, Rainer A (Auteur)
Format: Livre
Langue:anglais
Publié: Berlin : Springer Verlag, 1986
Édition:1.vyd.
Sujets:
Tags: Ajouter un tag
Pas de tags, Soyez le premier à ajouter un tag!

MARC

LEADER 00000nam a22000003a 4500
001 stu9301
005 20150617225803.1
008 961212s1986----gw------------------eng-d
020 |a 3-540-16870-2 
040 |a STU  |b slo 
041 0 |a eng 
044 |a gw 
080 |a 681.325.05 
080 |a 519.82 
084 |a B6120B  |2 INS  |7 stu_us_auth*stu6506 
084 |a C6130S  |2 INS 
100 1 |a Rueppel, Rainer A  |4 aut 
245 1 |a Analysis and design of stream ciphers /  |c [aut.] Rueppel,Rainer A 
250 |a 1.vyd. 
260 |a Berlin :  |b Springer Verlag,  |c 1986 
300 |a 244 s 
650 7 |a prúdové šifry  |2 stusub 
650 7 |a kryptografia  |2 stusub 
650 7 |a kryptosystémy  |2 stusub 
996 |b E80930  |c E*80930  |l EE22  |s P  |a 0  |w stu9301_0001